| 000 | 003660000a22001570004500 | ||
|---|---|---|---|
| 001 | 004955 | ||
| 003 | MACL | ||
| 040 | _aMACL | ||
| 090 |
_c16948 _d16947 |
||
| 100 | _aChomsky, Noam | ||
| 245 |
_aMedia Control _bThe Spectacular Achivements Of Propaganda _cNoam Chomsky |
||
| 260 |
_aNatraj Publishers, _c2003 |
||
| 350 | _a225 | ||
| 650 | _aMedia | ||
| 942 |
_k70 _cBook |
||
| 999 |
_c16838 _d16838 |
||